Những ngày cuối cùng của ủy ban Trung ương đảng Cộng sản Liên Xô (Sách tham khảo trong Lực lượng Công an nhân dân)

Gorde:
Xehetasun bibliografikoak
Egile nagusia: N A Zenkovich
Formatua: Liburua
Hizkuntza:Undetermined
Argitaratua: Hà Nội CAND 2000
Gaiak:
Etiketak: Etiketa erantsi
Etiketarik gabe, Izan zaitez lehena erregistro honi etiketa jartzen!
Thư viện lưu trữ: Trung tâm Học liệu Trường Đại học Cần Thơ
LEADER 00686nam a2200181Ia 4500
001 CTU_39497
008 210402s9999 xx 000 0 und d
082 |a 891.7 
082 |b Z54 
100 |a N A Zenkovich 
245 0 |a Những ngày cuối cùng của ủy ban Trung ương đảng Cộng sản Liên Xô 
245 0 |b (Sách tham khảo trong Lực lượng Công an nhân dân) 
245 0 |c N A Zenkovich, Lê Văn Thắng, Đinh Thị Hồng Biên 
260 |a Hà Nội 
260 |b CAND 
260 |c 2000 
650 |a historical fiction, russian,russian literature - 20th century 
980 |a Trung tâm Học liệu Trường Đại học Cần Thơ